000 00528nam a2200169Ia 4500
005 20250508151136.0
008 008 250505s9999 xx 000 0 eng d
037 _aTextual
040 _aFEDL
_beng
_cFEDL
041 _aeng
_2eng
084 _a302.34, EDU
_qFEDL
245 0 _aTwo lessons in group dynamics : So you appointed a committee
260 _aWashington, USA
_bEducator's Washington Dispatch
_c1948
546 _aWhen you run a conference
942 _cTEXL
_h302.34, EDU
999 _c1327845
_d1327845